[Event "Campeonato de España sub-12 2011"]
[Site "Padron ESP"]
[Date "2011.07.05"]
[Round "2.3"]
[White "Gallardo Obregon, Alexandra"]
[Black "Perez Garcia, Alejandro"]
[Result "0-1"]
[WhiteElo "1568"]
[BlackElo "1781"]
[PlyCount "92"]
[EventDate "2011.07.05"]
[EventType "swiss"]
[EventRounds "9"]
[EventCountry "ESP"]
[Source "lmi"]
[SourceDate "2011.07.05"]

1. e4 c5 2. Nc3 Nc6 3. f4 g6 4. Nf3 Bg7 5. Bc4 e6 6. O-O Nge7 7. d3 d6 8. Qe1
a6 9. a3 b5 10. Bb3 Qb6 11. Kh1 Bd7 12. Be3 O-O 13. Qh4 a5 14. f5 exf5 15. Bg5
Rae8 16. Bd5 Be6 17. Bxe7 Nxe7 18. Ng5 h6 19. Nxe6 fxe6 20. Bxe6+ Kh7 21. exf5
Nxf5 22. Bxf5 Rxf5 23. Rxf5 gxf5 24. Nd5 Qd8 25. Qxd8 Rxd8 26. Rb1 Re8 27. c3
Re2 28. b4 cxb4 29. axb4 a4 30. h3 a3 31. Kh2 a2 32. Ra1 Be5+ 33. Kg1 Rb2 34.
Rxa2 Rxa2 35. c4 Bg3 36. Kf1 Rf2+ 37. Kg1 Rc2 38. Kf1 bxc4 39. dxc4 Rxc4 40.
Ke2 Rc2+ 41. Kf3 f4 42. h4 Rf2+ 43. Ke4 Rxg2 44. b5 Rb2 45. b6 Bxh4 46. Kxf4
Bd8 0-1

[Event "Campeonato de España sub-12 2011"]
[Site "Padron ESP"]
[Date "2011.07.05"]
[Round "2.5"]
[White "Ros Alonso, Jaume"]
[Black "Ucles Lirola, Moises"]
[Result "0-1"]
[WhiteElo "1564"]
[BlackElo "1774"]
[PlyCount "108"]
[EventDate "2011.07.05"]
[EventType "swiss"]
[EventRounds "9"]
[EventCountry "ESP"]
[Source "lmi"]
[SourceDate "2011.07.05"]

1. e4 Nf6 2. e5 Nd5 3. Nc3 Nb6 4. d4 d6 5. Nf3 Bg4 6. Be2 Nc6 7. Bf4 e6 8. O-O
Be7 9. Ne4 O-O 10. h3 Bh5 11. b3 Nd5 12. Bg3 Bg6 13. Bd3 Ndb4 14. a3 Nxd3 15.
cxd3 Bh5 16. exd6 cxd6 17. d5 exd5 18. Nc3 Bf6 19. Rc1 Bxc3 20. Rxc3 Qf6 21.
Rc1 Nd4 22. Rc7 b6 23. Rd7 Rfd8 24. Rxd8+ Rxd8 25. b4 h6 26. a4 a6 27. a5 b5
28. Bh2 Bxf3 29. gxf3 Qxf3 30. Qxf3 Nxf3+ 31. Kg2 Nxh2 32. Kxh2 Rc8 33. Re1 Kf8
34. Kg3 Rc3 35. Kf3 Rxd3+ 36. Re3 Rxe3+ 37. Kxe3 Ke7 38. Kd4 Ke6 39. Ke3 g5 40.
Kd4 f5 41. f3 f4 42. Kc3 Ke5 43. Kd3 d4 44. Kd2 Kd5 45. Kd3 h5 46. Kd2 Kc4 47.
Kc2 d3+ 48. Kd2 Kd4 49. Kd1 Ke3 50. Ke1 d2+ 51. Kd1 d5 52. h4 gxh4 53. Kc2 d4
54. Kd1 h3 0-1

[Event "Campeonato de España sub-12 2011"]
[Site "Padron ESP"]
[Date "2011.07.07"]
[Round "4.9"]
[White "Serra Canals, Oriol"]
[Black "Salagran Ferragut, Guillem"]
[Result "0-1"]
[WhiteElo "1669"]
[BlackElo "1755"]
[PlyCount "58"]
[EventDate "2011.07.05"]
[EventType "swiss"]
[EventRounds "9"]
[EventCountry "ESP"]
[Source "lmi"]
[SourceDate "2011.07.05"]

1. Nf3 c5 2. c4 b6 3. g3 Bb7 4. Bg2 Qc7 5. O-O e6 6. Nc3 Be7 7. e4 a6 8. b3 Nf6
9. Re1 d6 10. d4 cxd4 11. Nxd4 Nbd7 12. Bb2 O-O 13. Qc2 Rfe8 14. Rad1 Bf8 15.
f4 Rac8 16. f5 e5 17. Nf3 b5 18. cxb5 axb5 19. Qe2 b4 20. Nd5 Nxd5 21. exd5
Qc5+ 22. Qe3 Bxd5 23. Qxc5 Rxc5 24. Rd2 Nf6 25. Red1 Be4 26. Ne1 Bxf5 27. a3
bxa3 28. Bxa3 Rc3 29. Bc6 Rxc6 0-1

[Event "Campeonato de España sub-12 2011"]
[Site "Padron ESP"]
[Date "2011.07.07"]
[Round "4.10"]
[White "Jimenez Ruano, Adrian"]
[Black "Calvo Simon, Jorge"]
[Result "1/2-1/2"]
[WhiteElo "1668"]
[BlackElo "1715"]
[PlyCount "186"]
[EventDate "2011.07.05"]
[EventType "swiss"]
[EventRounds "9"]
[EventCountry "ESP"]
[Source "lmi"]
[SourceDate "2011.07.05"]

1. d4 d5 2. c4 e6 3. Nc3 c6 4. Nf3 dxc4 5. e3 b5 6. Bd2 Nf6 7. Be2 Nbd7 8. a4
Qb6 9. axb5 cxb5 10. b3 a5 11. bxc4 b4 12. c5 Qb8 13. Na4 Ba6 14. Rc1 Bxe2 15.
Qxe2 Qc7 16. Qb5 Be7 17. Nb6 Ra7 18. Ra1 O-O 19. Rxa5 Rb8 20. Rxa7 Qxa7 21. Qa4
Qxa4 22. Nxa4 Ra8 23. Nb2 Ra2 24. Bc1 Ra1 25. O-O Ne4 26. Re1 Nc3 27. Bd2 Ra2
28. Nc4 Nf6 29. Bxc3 bxc3 30. c6 Ne8 31. Rc1 Bb4 32. Nfe5 Ba3 33. Nxa3 Rxa3 34.
Kf1 Kf8 35. Rc2 Ke7 36. Ke2 f6 37. Nc4 Rb3 38. Kd3 Nd6 39. c7 Nc8 40. Na5 Ra3
41. Nb7 Ra7 42. Nc5 Rxc7 43. Rxc3 Nd6 44. f3 Ra7 45. Nb3 Kd7 46. e4 Ra2 47. Rc2
Ra3 48. Rc3 Ra2 49. Nc5+ Ke7 50. Rc2 Ra3+ 51. Ke2 Nb5 52. Rd2 Nc3+ 53. Kf2 Nb5
54. d5 exd5 55. Rxd5 Ra7 56. Nb3 Nc3 57. Rd3 Nb5 58. Kg3 Kf7 59. Nc5 Kg6 60.
Rd7 Rxd7 61. Nxd7 Nd4 62. f4 Ne2+ 63. Kf3 Nd4+ 64. Kg4 h6 65. f5+ Kf7 66. e5
fxe5 67. Nxe5+ Kf6 68. Nd7+ Ke7 69. Nc5 Kf6 70. Ne4+ Kf7 71. h4 Nc6 72. Kf4 Ne7
73. Nc3 Kf6 74. g4 g5+ 75. fxg6 Nxg6+ 76. Kg3 Ne5 77. Nd5+ Kg6 78. Ne7+ Kf7 79.
Nf5 Kg6 80. Kf4 Nf7 81. h5+ Kf6 82. Ng3 Nd6 83. Ne4+ Nxe4 84. Kxe4 Ke6 85. Kf3
Kf7 86. Kg3 Kg7 87. Kf4 Kf6 88. Ke4 Ke6 89. Kd4 Kf6 90. Ke3 Ke7 91. Kf3 Kf7 92.
Kg3 Kg7 93. Kh3 Kf7 1/2-1/2

[Event "Campeonato de España sub-12 2011"]
[Site "Padron ESP"]
[Date "2011.07.07"]
[Round "5.7"]
[White "Bayo Milagro, Alvaro"]
[Black "Lopez Mulet, Iñigo"]
[Result "0-1"]
[WhiteElo "1661"]
[BlackElo "1780"]
[PlyCount "64"]
[EventDate "2011.07.05"]
[EventType "swiss"]
[EventRounds "9"]
[EventCountry "ESP"]
[Source "lmi"]
[SourceDate "2011.07.05"]

1. Nf3 Nf6 2. g3 g6 3. Bg2 Bg7 4. d3 c5 5. Nbd2 Nc6 6. O-O O-O 7. c4 d5 8. Rb1
b6 9. b3 Bb7 10. Bb2 d4 11. Ng5 h6 12. Nge4 Nxe4 13. Nxe4 Re8 14. a3 a5 15. Ba1
Qc7 16. e3 f5 17. Nd2 e5 18. Re1 Rad8 19. Qe2 Qd7 20. Nf1 Kh7 21. Rbd1 Re7 22.
Qd2 Rde8 23. e4 Rf8 24. exf5 gxf5 25. f4 Rfe8 26. Bh3 Kh8 27. Qf2 exf4 28. Rxe7
Qxe7 29. Qxf4 Ne5 30. Bg2 Bxg2 31. Kxg2 Nxd3 32. Qf3 Ne1+ 0-1

[Event "Campeonato de España sub-12 2011"]
[Site "Padron ESP"]
[Date "2011.07.08"]
[Round "7.1"]
[White "Hernandez Mateo, Borja"]
[Black "Ventura Bolet, Alexandre"]
[Result "1/2-1/2"]
[WhiteElo "1699"]
[BlackElo "1755"]
[PlyCount "61"]
[EventDate "2011.07.05"]
[EventType "swiss"]
[EventRounds "9"]
[EventCountry "ESP"]
[Source "lmi"]
[SourceDate "2011.07.05"]

1. e4 Nf6 2. e5 Nd5 3. d4 d6 4. Nf3 Nc6 5. c4 Nb6 6. Nc3 Bg4 7. Be3 g6 8. Be2
Bg7 9. exd6 exd6 10. b3 O-O 11. O-O Re8 12. Qd2 Rb8 13. h3 Bxf3 14. Bxf3 Nc8
15. Rfb1 N8e7 16. Be4 Qc8 17. Nd5 Nxd5 18. Bxd5 Ne7 19. Bf3 Nf5 20. Bg4 h5 21.
Bxf5 Qxf5 22. a4 d5 23. c5 Qe4 24. b4 b6 25. c6 Re6 26. b5 Rc8 27. Rb2 Bf8 28.
Qc2 Qxc2 29. Rxc2 Bd6 30. Re2 Rce8 31. Rb2 1/2-1/2

[Event "Campeonato de España sub-12 2011"]
[Site "Padron ESP"]
[Date "2011.07.08"]
[Round "7.2"]
[White "Domingo Nunez, Alejandro"]
[Black "Escudero Manzano, Sergio"]
[Result "1/2-1/2"]
[WhiteElo "1839"]
[BlackElo "1735"]
[PlyCount "78"]
[EventDate "2011.07.05"]
[EventType "swiss"]
[EventRounds "9"]
[EventCountry "ESP"]
[Source "lmi"]
[SourceDate "2011.07.05"]

1. e4 e5 2. Nf3 Nf6 3. Nxe5 d6 4. Nc4 Nxe4 5. Nc3 Nxc3 6. dxc3 Nc6 7. Bf4 Be6
8. Qd2 Qd7 9. Bd3 Be7 10. O-O-O O-O-O 11. Kb1 Kb8 12. Rhe1 Rhe8 13. h3 f6 14.
Ne3 Ne5 15. Bg3 g6 16. f4 Nxd3 17. Qxd3 Bf8 18. Bf2 Bh6 19. Nd5 Bxd5 20. Qxd5
Rxe1 21. Rxe1 Re8 22. Re4 b6 23. b3 Rxe4 24. Qxe4 Qf5 25. Qxf5 gxf5 26. g3 Bf8
27. c4 c6 28. Bd4 Be7 29. g4 fxg4 30. hxg4 Kc7 31. Kc1 d5 32. cxd5 cxd5 33. Kd2
Bd6 34. Ke3 Bc5 35. c3 Bxd4+ 36. Kxd4 Kd6 37. a4 h6 38. f5 a6 39. b4 b5 1/2-1/2

[Event "Campeonato de España sub-12 2011"]
[Site "Padron ESP"]
[Date "2011.07.08"]
[Round "7.3"]
[White "Guerra Arrocha, Daniel"]
[Black "Laiz Ibañez, Hector"]
[Result "1-0"]
[WhiteElo "1733"]
[BlackElo "1769"]
[PlyCount "105"]
[EventDate "2011.07.05"]
[EventType "swiss"]
[EventRounds "9"]
[EventCountry "ESP"]
[Source "lmi"]
[SourceDate "2011.07.05"]

1. e4 Nf6 2. e5 Nd5 3. Nc3 Nb6 4. d4 d6 5. Be3 g6 6. f4 Bg7 7. Nf3 O-O 8. Bd3
c6 9. h3 dxe5 10. fxe5 Qc7 11. Bf4 e6 12. Ne4 Nd5 13. Bd2 Nd7 14. c4 Ne7 15.
Bb4 Re8 16. Nd6 Rf8 17. Nxc8 Nxc8 18. Bxf8 Bxf8 19. O-O c5 20. Ng5 cxd4 21.
Rxf7 Qxe5 22. Rxd7 Qxg5 23. Qf3 Nd6 24. Re1 Re8 25. b4 b6 26. Rc7 Bh6 27. c5
Rf8 28. Qe2 Nf5 29. Qxe6+ Kh8 30. Qe5+ Ng7 31. Qxg5 Bxg5 32. Rxa7 bxc5 33. bxc5
Nh5 34. c6 Be3+ 35. Kh2 Rc8 36. c7 Bf4+ 37. Kg1 Bxc7 38. Re7 Bf4 39. Bc4 Nf6
40. Rf7 Be3+ 41. Kh2 d3 42. Bxd3 Bxa7 43. Rxa7 Rc3 44. Bb5 Nd5 45. a4 Rc5 46.
Be2 Nc3 47. Bf3 Rc4 48. a5 Ra4 49. a6 Ra5 50. Rc7 Na4 51. a7 Nb6 52. a8=Q+ Nxa8
53. Rc8+ 1-0

[Event "Campeonato de España sub-12 2011"]
[Site "Padron ESP"]
[Date "2011.07.08"]
[Round "7.4"]
[White "Roma Barge, Gabriel"]
[Black "Ortega Lopez, Mikel"]
[Result "1/2-1/2"]
[WhiteElo "1698"]
[BlackElo "1758"]
[PlyCount "75"]
[EventDate "2011.07.05"]
[EventType "swiss"]
[EventRounds "9"]
[EventCountry "ESP"]
[Source "lmi"]
[SourceDate "2011.07.05"]

1. e4 c5 2. Nf3 e6 3. d4 cxd4 4. c3 dxc3 5. Nxc3 Nc6 6. Bc4 Qc7 7. O-O Nf6 8.
h3 a6 9. Qe2 d6 10. Bf4 Be7 11. Rfd1 O-O 12. e5 dxe5 13. Nxe5 Nxe5 14. Bxe5 Qc6
15. Rac1 b6 16. Bb3 Qe8 17. Na4 Bd7 18. Nxb6 Bb5 19. Qc2 Rd8 20. a4 Rxd1+ 21.
Rxd1 Bc6 22. Bxf6 Bxf6 23. Rc1 Ba8 24. Qd3 Qd8 25. Qxa6 Be4 26. Rc8 Qe7 27.
Rxf8+ Qxf8 28. Bc4 Bxb2 29. Qc8 Qxc8 30. Nxc8 Bc3 31. Bb5 Kf8 32. f3 Bb7 33.
Nd6 Bd5 34. Kf1 Ke7 35. Nc8+ Kd8 36. Nb6 Kc7 37. Nd7 Bc4+ 38. Bxc4 1/2-1/2

[Event "Campeonato de España sub-12 2011"]
[Site "Padron ESP"]
[Date "2011.07.08"]
[Round "7.5"]
[White "Domingo Nunez, Ruben"]
[Black "Jimenez Ruano, Adrian"]
[Result "1-0"]
[WhiteElo "1756"]
[BlackElo "1668"]
[PlyCount "81"]
[EventDate "2011.07.05"]
[EventType "swiss"]
[EventRounds "9"]
[EventCountry "ESP"]
[Source "lmi"]
[SourceDate "2011.07.05"]

1. c4 Nf6 2. Nc3 g6 3. g3 Bg7 4. Bg2 O-O 5. e4 d6 6. Nge2 Nbd7 7. O-O e5 8. d3
a5 9. f4 exf4 10. Bxf4 Ne5 11. Qc2 Nh5 12. Rae1 c6 13. Bc1 f5 14. Nf4 Nxf4 15.
Bxf4 g5 16. Bc1 g4 17. Qe2 Be6 18. Bd2 Rb8 19. b3 c5 20. Nb5 b6 21. Bf4 Re8 22.
Bxe5 Bxe5 23. exf5 Bxf5 24. Rxf5 Bd4+ 25. Nxd4 Rxe2 26. Rxe2 cxd4 27. Re4 Qd7
28. Rxg4+ Kh8 29. Be4 Rg8 30. Rxg8+ Kxg8 31. Bd5+ Kh8 32. Rf8+ Kg7 33. Rf7+
Qxf7 34. Bxf7 Kxf7 35. Kf2 Ke6 36. Kf3 d5 37. cxd5+ Kxd5 38. Kf4 Kc5 39. a3 Kd5
40. g4 Ke6 41. h4 1-0

[Event "Campeonato de España sub-12 2011"]
[Site "Padron ESP"]
[Date "2011.07.08"]
[Round "7.6"]
[White "Nieves Cabanes, Jose Manuel"]
[Black "Portela Peleteiro, Alberto"]
[Result "0-1"]
[WhiteElo "1722"]
[BlackElo "1681"]
[PlyCount "96"]
[EventDate "2011.07.05"]
[EventType "swiss"]
[EventRounds "9"]
[EventCountry "ESP"]
[Source "lmi"]
[SourceDate "2011.07.05"]

1. d4 Nf6 2. c4 e5 3. e3 exd4 4. exd4 d5 5. Nf3 c6 6. Nc3 Be7 7. Be2 O-O 8. O-O
Be6 9. c5 b6 10. b4 a5 11. Na4 Nbd7 12. Ba3 axb4 13. Bxb4 bxc5 14. Nxc5 Nxc5
15. Bxc5 Bxc5 16. dxc5 Qc7 17. Qc2 Qf4 18. Rfd1 Bf5 19. Qd2 Qxd2 20. Nxd2 Rfe8
21. Bf3 Bg4 22. Bxg4 Nxg4 23. a4 Re2 24. Nb3 Nxf2 25. Nd4 Nxd1 26. Nxe2 Nb2 27.
Nd4 Rxa4 28. Rxa4 Nxa4 29. Nxc6 Nxc5 30. Ne7+ Kf8 31. Nxd5 f6 32. Kf2 Kf7 33.
Kf3 Ke6 34. Nf4+ Ke5 35. g3 g6 36. h4 g5 37. hxg5 fxg5 38. Ng2 h5 39. Ne3 Ne4
40. Ng2 g4+ 41. Ke3 Nxg3 42. Kf2 Nf5 43. Kg1 Ke4 44. Kh1 h4 45. Kh2 h3 46. Ne1
Nd4 47. Kg3 Ke3 48. Kxg4 h2 0-1

[Event "Campeonato de España sub-12 2011"]
[Site "Padron ESP"]
[Date "2011.07.08"]
[Round "7.8"]
[White "Jimenez Vado, Yvan"]
[Black "Antunez Muñoz, Ines"]
[Result "1/2-1/2"]
[WhiteElo "1693"]
[BlackElo "1584"]
[PlyCount "116"]
[EventDate "2011.07.05"]
[EventType "swiss"]
[EventRounds "9"]
[EventCountry "ESP"]
[Source "lmi"]
[SourceDate "2011.07.05"]

1. d4 d5 2. Nf3 Nf6 3. c4 e6 4. e3 Be7 5. Nc3 O-O 6. Qc2 b6 7. b3 Bb7 8. Be2
dxc4 9. bxc4 Nbd7 10. O-O c5 11. Bb2 Rc8 12. Rac1 cxd4 13. Nxd4 Ne5 14. Qb3 Bc5
15. Rfd1 Qc7 16. Ncb5 Qb8 17. h3 Rfd8 18. a3 Ne4 19. Nc3 Nd6 20. Ncb5 Ne4 21.
Nc3 Nd6 22. Ndb5 a6 23. Nxd6 Rxd6 24. Na4 Rxd1+ 25. Rxd1 Be4 26. Nxc5 Rxc5 27.
Bd4 Rc8 28. Qxb6 Qxb6 29. Bxb6 h6 30. Rd8+ Rxd8 31. Bxd8 Bd3 32. Bxd3 Nxd3 33.
Be7 Ne5 34. c5 Nc6 35. Bd6 f5 36. Kf1 Kf7 37. Ke2 Ke8 38. Kd3 g6 39. Bf4 g5 40.
Bd6 Kd7 41. f4 Na5 42. Bf8 gxf4 43. exf4 h5 44. Kc3 Nc6 45. Bd6 Kc8 46. Kd3 Kd7
47. Ke3 Na5 48. Bf8 Nc4+ 49. Kd3 Na5 50. a4 Nc6 51. Bd6 Ke8 52. Ke3 Kf7 53. Be5
Ke8 54. Kf3 Kf7 55. g4 hxg4+ 56. hxg4 fxg4+ 57. Kxg4 Kg6 58. Bd6 Kf6 1/2-1/2

[Event "Campeonato de España sub-12 2011"]
[Site "Padron ESP"]
[Date "2011.07.08"]
[Round "7.9"]
[White "Santos Ruiz, Miguel"]
[Black "Lopez Rivera, Jesus"]
[Result "0-1"]
[WhiteElo "1949"]
[BlackElo "1671"]
[PlyCount "74"]
[EventDate "2011.07.05"]
[EventType "swiss"]
[EventRounds "9"]
[EventCountry "ESP"]
[Source "lmi"]
[SourceDate "2011.07.05"]

1. e4 c5 2. Nf3 d6 3. d4 cxd4 4. Nxd4 Nf6 5. Nc3 g6 6. f3 Bg7 7. Be3 O-O 8. Qd2
Nc6 9. O-O-O d5 10. exd5 Nxd5 11. Nxc6 bxc6 12. Bd4 Nxc3 13. Qxc3 Bh6+ 14. Kb1
e5 15. Qxc6 Rb8 16. h4 exd4 17. h5 Bg7 18. hxg6 hxg6 19. Bd3 Qb6 20. Qxb6 Rxb6
21. Rhe1 Bf6 22. Re2 Re6 23. Rde1 Rfe8 24. Rxe6 Rxe6 25. Rxe6 Bxe6 26. b4 Kf8
27. Kb2 Ke7 28. a4 Kd6 29. Ka3 Kc6 30. a5 Be7 31. Ka4 Bf5 32. b5+ Kc5 33. b6
axb6 34. a6 Bxd3 35. cxd3 b5+ 36. Kb3 Kb6 37. a7 Kxa7 0-1

[Event "Campeonato de España sub-12 2011"]
[Site "Padron ESP"]
[Date "2011.07.08"]
[Round "7.10"]
[White "Perez Garcia, Alejandro"]
[Black "Villemur Tamarit, Juan"]
[Result "1-0"]
[WhiteElo "1781"]
[BlackElo "1634"]
[PlyCount "63"]
[EventDate "2011.07.05"]
[EventType "swiss"]
[EventRounds "9"]
[EventCountry "ESP"]
[Source "lmi"]
[SourceDate "2011.07.05"]

1. c4 c6 2. d4 d5 3. cxd5 cxd5 4. Nf3 Bf5 5. Qb3 Qc8 6. Nc3 e6 7. Bf4 a6 8. e3
Nc6 9. Be2 Nf6 10. O-O Be7 11. Rac1 O-O 12. Ne5 h6 13. Na4 Bd8 14. Nxc6 bxc6
15. Nb6 Bxb6 16. Qxb6 Qd7 17. Rxc6 Rfc8 18. Rfc1 Rxc6 19. Qxc6 Qxc6 20. Rxc6 a5
21. Ba6 Kh7 22. Bb7 Rd8 23. Bc7 Rd7 24. Bc8 Re7 25. Bxa5 Ne4 26. b4 Nd2 27. b5
Nc4 28. Bb4 Ra7 29. Ba6 Bd3 30. Bc5 Ra8 31. Rc8 Rxc8 32. Bxc8 1-0

[Event "Campeonato de España sub-12 2011"]
[Site "Padron ESP"]
[Date "2011.07.08"]
[Round "7.11"]
[White "Cirera Sancho, Alberto"]
[Black "Lopez Mulet, Iñigo"]
[Result "0-1"]
[WhiteElo "1621"]
[BlackElo "1780"]
[PlyCount "54"]
[EventDate "2011.07.05"]
[EventType "swiss"]
[EventRounds "9"]
[EventCountry "ESP"]
[Source "lmi"]
[SourceDate "2011.07.05"]

1. e4 c5 2. Nf3 Nc6 3. d4 cxd4 4. Nxd4 g6 5. Nc3 Bg7 6. Be3 Nf6 7. Bc4 O-O 8.
Bb3 d6 9. f3 Bd7 10. Qd2 Nxd4 11. Bxd4 b5 12. O-O a5 13. a3 a4 14. Ba2 Qc7 15.
Qd3 Rac8 16. Rac1 Rb8 17. Bxf6 Bxf6 18. Nd5 Qc5+ 19. Kh1 Bxb2 20. Nxe7+ Kg7 21.
Rcd1 Bxa3 22. e5 dxe5 23. Qxd7 Qxe7 24. Qxe7 Bxe7 25. Rd5 Bf6 26. Rb1 Rfd8 27.
Rxd8 Bxd8 0-1

[Event "Campeonato de España sub-12 2011"]
[Site "Padron ESP"]
[Date "2011.07.08"]
[Round "7.12"]
[White "Perez Tores, Juan Miguel"]
[Black "Bover De La Cruz, Pol"]
[Result "1-0"]
[WhiteElo "1742"]
[BlackElo "1586"]
[PlyCount "75"]
[EventDate "2011.07.05"]
[EventType "swiss"]
[EventRounds "9"]
[EventCountry "ESP"]
[Source "lmi"]
[SourceDate "2011.07.05"]

1. e4 e5 2. Nf3 Nc6 3. Bb5 a6 4. Bxc6 dxc6 5. d4 exd4 6. Qxd4 Qxd4 7. Nxd4 c5
8. Ne2 Bd6 9. Nbc3 Be6 10. Bf4 O-O-O 11. O-O-O f6 12. Nd5 g5 13. Bg3 Bxg3 14.
Nxg3 c6 15. Nb6+ Kc7 16. Rxd8 Kxd8 17. Na4 c4 18. Nc5 Bc8 19. e5 b6 20. Nce4
fxe5 21. Nxg5 Ke7 22. Re1 Kf6 23. Nf3 Ne7 24. Nxe5 b5 25. Nh5+ Kf5 26. g4+ Ke6
27. Ng6+ Kf7 28. Nxh8+ Kf8 29. h3 Nd5 30. Re4 Bd7 31. f4 Bc8 32. f5 Bd7 33. f6
Be8 34. f7 Bd7 35. g5 a5 36. Nf6 Nxf6 37. gxf6 b4 38. Re7 1-0

[Event "Campeonato de España sub-12 2011"]
[Site "Padron ESP"]
[Date "2011.07.08"]
[Round "7.14"]
[White "Cruz Ramirez, Nauzet"]
[Black "Ruiz De Leon Merlo, Esther"]
[Result "1-0"]
[WhiteElo "1691"]
[BlackElo "1500"]
[PlyCount "157"]
[EventDate "2011.07.05"]
[EventType "swiss"]
[EventRounds "9"]
[EventCountry "ESP"]
[Source "lmi"]
[SourceDate "2011.07.05"]

1. d4 d5 2. c4 c6 3. Nc3 Nf6 4. Nf3 Bf5 5. Bf4 e6 6. a3 Be7 7. e3 Nbd7 8. Bd3
Bxd3 9. Qxd3 Nh5 10. Bg3 f5 11. Rc1 Nhf6 12. Ng5 Nf8 13. cxd5 cxd5 14. Nb5 Rc8
15. Nc7+ Rxc7 16. Bxc7 Qd7 17. Nf3 Ng6 18. Qb3 b6 19. Qc3 O-O 20. Bg3 Ne4 21.
Qc6 Qxc6 22. Rxc6 Kf7 23. O-O h5 24. Ne5+ Nxe5 25. Bxe5 Nd2 26. Re1 Nc4 27. Re2
Bd8 28. f3 g5 29. Bb8 Ke7 30. e4 fxe4 31. fxe4 Kd7 32. exd5 exd5 33. Rh6 h4 34.
Be5 g4 35. Rg6 Nxe5 36. dxe5 Rf4 37. Rd6+ Ke7 38. Rxd5 b5 39. Rd1 Bb6+ 40. Kh1
Ke6 41. g3 hxg3 42. hxg3 Rf5 43. Kg2 Bc7 44. Rc1 Bxe5 45. Rc5 a6 46. Rc3 Kd5
47. Rce3 Kd4 48. Re4+ Kd5 49. Rxg4 Kd6 50. Rg6+ Bf6 51. g4 Rf4 52. g5 Rg4+ 53.
Kf3 Rxg5 54. Rxf6+ Kc5 55. Rxa6 Rg8 56. Rf6 Kd5 57. Rf5+ Kc4 58. Re4+ Kb3 59.
Rxb5+ Ka2 60. a4 Ra8 61. Ke3 Ra6 62. Kd3 Rc6 63. Rc4 Rd6+ 64. Kc3 Ra6 65. b4
Ka3 66. a5 Ka4 67. Rb6 Ra8 68. b5+ Kxa5 69. Ra6+ Rxa6 70. bxa6 Kxa6 71. Rb4 Ka5
72. Kc4 Ka6 73. Rb5 Ka7 74. Kc5 Ka6 75. Kc6 Ka7 76. Rb6 Ka8 77. Kc7 Ka7 78. Rc6
Ka8 79. Ra6# 1-0

[Event "Campeonato de España sub-12 2011"]
[Site "Padron ESP"]
[Date "2011.07.08"]
[Round "7.15"]
[White "Rodriguez Alonso, Marcos"]
[Black "Chao Vale, Fernando"]
[Result "0-1"]
[WhiteElo "1542"]
[BlackElo "1687"]
[PlyCount "48"]
[EventDate "2011.07.05"]
[EventType "swiss"]
[EventRounds "9"]
[EventCountry "ESP"]
[Source "lmi"]
[SourceDate "2011.07.05"]

1. e4 c5 2. Nf3 e6 3. d4 cxd4 4. Nxd4 Nf6 5. Bd3 d6 6. O-O a6 7. Nc3 Be7 8. Be3
O-O 9. f4 Qc7 10. Qf3 Nbd7 11. Nb3 Re8 12. g4 Nc5 13. Nxc5 dxc5 14. e5 Nd7 15.
Qe4 Nf8 16. Rf3 Bd7 17. Rh3 Bc6 18. Qc4 b5 19. Qb3 c4 20. Bxc4 bxc4 21. Qxc4
Qb7 22. Rb1 Rac8 23. Qe2 Bd5 24. Qf2 Rxc3 0-1

[Event "Campeonato de España sub-12 2011"]
[Site "Padron ESP"]
[Date "2011.07.08"]
[Round "7.16"]
[White "Capote Robayna, Nayeli"]
[Black "Recuna Aranda, Miguel"]
[Result "1-0"]
[WhiteElo "1426"]
[BlackElo "1683"]
[PlyCount "109"]
[EventDate "2011.07.05"]
[EventType "swiss"]
[EventRounds "9"]
[EventCountry "ESP"]
[Source "lmi"]
[SourceDate "2011.07.05"]

1. e4 d5 2. e5 c5 3. Nf3 Bg4 4. Be2 Nc6 5. c3 e6 6. d4 Qc7 7. O-O Nge7 8. Be3
Nf5 9. Nbd2 Be7 10. Nb3 c4 11. Nbd2 O-O 12. b3 b5 13. a4 a6 14. bxc4 bxc4 15.
Bf4 Rfb8 16. Ng5 Bxe2 17. Qxe2 h6 18. Ngf3 Rb7 19. Ne1 g5 20. Bg3 Qa5 21. Rc1
Kh7 22. Nc2 Rb2 23. Ne3 Qxa4 24. Nxf5 exf5 25. f4 g4 26. Qe1 Qa5 27. Bh4 Qd8
28. Bxe7 Qxe7 29. Nb1 Rab8 30. Rf2 Kg6 31. Rxb2 Rxb2 32. Nd2 h5 33. Nf1 a5 34.
Ne3 Rb5 35. Rb1 Rxb1 36. Qxb1 Qe6 37. Qb5 Ne7 38. Qxa5 Qd7 39. Qa1 Kh6 40. Qe1
Ng6 41. Qf2 Kh7 42. g3 Qb5 43. Qc2 Kg8 44. Qxf5 Qb2 45. e6 Qa1+ 46. Kf2 Qb2+
47. Kf1 Qc1+ 48. Ke2 Qb2+ 49. Nc2 Kg7 50. Qxf7+ Kh6 51. Kd2 Qb1 52. f5 Nh8 53.
Qf6+ Kh7 54. e7 Qb8 55. Qf8 1-0